000 00700nam a2200265Ia 4500
003 OSt
005 20221005032033.0
006 a|||||r|||| 00| 0
007 ta
008 221004b |||||||| |||| 00| 0 tam d
020 _c15
024 _a63557
037 _cTextual
040 _aCRL
_cCRL
_btam
041 _2tam
_atam
082 _aO31,1N26w, M3
100 _aKannappan Rama. Au.
_9584729
245 0 _aKaviarasu Kannadasan
260 _aChennai
_bVaanathi Pathippagam India
_c1983
300 _a303p.
_ccm.
650 _a TAMIL LITERATURE
650 _aTAMIL FICTION
942 _hO31,1N26w, M3
_cTEXL
_2cc
999 _c939001
_d939001